| 000 | 010410000a22002170004500 | ||
|---|---|---|---|
| 082 | 0 | 4 | _aG 234.161 C9678b |
| 100 | 1 | _aCullman, Oscar | |
| 245 | 1 | 0 | _aBaptism in the New Testament / Oscar Cullman ; Translated by J. K. S. Reid |
| 260 | _aLondon : SCM Press | ||
| 300 | _a84 páginas | ||
| 440 | 0 | _aStudies in Biblical Theology, Vol. 1 / Edited by T. W. Manson, H. H. Rowley, Floyd V. Filson, G. Ernest Wright | |
| 500 | _aTítulo original en alemán: Die Tauflehre des Neuen Testaments \ Incluye índices (p. 81-84) | ||
| 501 | _aRústico | ||
| 505 | 0 | 0 | _aEl fundamento del bautismo en la muerte y resurrección de Cristo - Bautismo como la aceptación en el cuerpo de Cristo - El bautismo y la circuncisión - Las huellas de una antigua fórmula bautismal en el Nuevo Testamento |
| 650 | 1 | 4 | _aBiblia N.T. - Bautismo - Fundamentos \ Nuevo Testamento - Interpretación \ Cristianismo |
| 001 | 19784 | ||
| 942 | _cBK | ||
| 999 |
_c46146 _d46146 |
||
| 336 |
_atexto _btxt _2rdacontent |
||
| 337 |
_2rdamedia _asin mediación _bn |
||
| 338 |
_2rdacarrier _avolumen _bnc |
||